00853nmc a2200289 a 4500003000900000005001700009008004100026020001800067040001300085245005900098250001200157260002600169300001000195490001600205500005700221504005100278650002400329650002200353650002200375651001200397653002000409653002800429700002100457700003200478700002500510700002800535AR-BaBNM20251128211210.0093020s1999 ||||||||||||||000 | spa|| a950-39-0110-3 cAR-BaBNM10aEl fracaso escolar ¿tema antiguo o problema candente? a1ª ed. aMendozabEDIUNCc19990 a65 p. 0aBrevevv. 40 aEDIUNC: Editorial de la Universidad Nacional de Cuyo aContiene referencias bibliográficas p. 63-64 4aFACTORES ECONOMICOS 4aFACTORES SOCIALES 4aESTUDIOS DE CASOS 4aMendoza 0aFRACASO ESCOLAR 0aINVESTIGACION EDUCATIVA1 aCortese, Carmelo1 aRomagnoli, María Cristina1 aBustos, Rosa María1 aCastillo, Mirta Noemí